UBT Library

Our global neighborhood : (Record no. 171)

000 -LEADER
fixed length control field 00909cam a2200241 a 4500
001 - CONTROL NUMBER
control field 4908663
005 - DATE AND TIME OF LATEST TRANSACTION
control field 20131028071615.0
008 - FIXED-LENGTH DATA ELEMENTS--GENERAL INFORMATION
fixed length control field 941130s1995 enka b 001 0 eng
020 ## - INTERNATIONAL STANDARD BOOK NUMBER
International Standard Book Number 0198279973
020 ## - INTERNATIONAL STANDARD BOOK NUMBER
International Standard Book Number 0198279981
041 0# - LANGUAGE CODE
Language code of text/sound track or separate title eng
080 ## - UNIVERSAL DECIMAL CLASSIFICATION NUMBER
Universal Decimal Classification number 327
110 2# -
-- Commission on Global Governance.
245 10 - TITLE STATEMENT
Title Our global neighborhood :
260 ## -
-- Oxford ;
-- New York :
-- Oxford University Press,
-- 1995.
300 ## -
-- xx, 410 p. :
-- ill. ;
-- 20 cm.
504 ## - BIBLIOGRAPHY, ETC. NOTE
Bibliography, etc Includes bibliographical references (p. 387-394) and index.
650 #0 -
-- Marrëdhënie ndërkombëtare
650 #0 -
-- Kooperimi ndërkombëtar
856 42 -
-- Publisher description
-- http://www.loc.gov/catdir/enhancements/fy0605/94046402-d.html
856 42 -
-- Contributor biographical information
-- http://www.loc.gov/catdir/enhancements/fy0724/94046402-b.html
942 ## - ADDED ENTRY ELEMENTS (KOHA)
Source of classification or shelving scheme
Item type Books
Holdings
Withdrawn status Lost status Source of classification or shelving scheme Damaged status Not for loan Collection code Permanent location Current location Shelving location Date acquired Total Checkouts Full call number Barcode Date last seen Price effective from Koha item type
          Koleksioni i përgjithshem UBT - Prishtine UBT - Prishtine Koleksioni i përgjithshem 10/28/2013   327 GLO 001-000187 10/28/2013 10/28/2013 Books
UBT Library © 2015-2024. All rights reserved University Education for Business and Technology